La persona y sus derechos, cuaderno III

Detalles Bibliográficos
Otros Autores: Garca̕ Alguacil, Mara̕ Jos,̌ (coaut.), Ferrer Vanrell, Mara̕ Pilar (coord.)
Formato: Libro
Lenguaje:español
Publicado: Madrid : Dykinson, 2010.
Colección:Cuadernos prc̀ticos Bolonia. Persona 3
Materias:
Acceso en línea:Acceso restringido

MARC

LEADER 00000nam a2200000 i 4500
005 20111007144853.0
008 100311s2010 sp 000 0 spa d
020 |a 9788498498233 
035 |a 5735 
040 |a UJAEN  |d BUS  |d vLex 
090 |c 2636  |d 2636 
245 0 3 |a La persona y sus derechos,  |h [Recurso electrn̤ico] /  |c coordinadora Mara̕ Pilar Ferrer Vanrell ; Mð Jos ̌Garca̕ Alguacil.  |n cuaderno III  
256 |a Servicio en ln̕ea. 
260 |a Madrid :  |b Dykinson,  |c 2010. 
300 |a 1 recurso electrn̤ico 
506 1 |a Contenido solo disponible en los productos indicados  |d vLex Global  |d vLex Global (Academic Edition, excluding Law Schools)  |d vLex Global (U.S. Academic Edition, Law Schools)  |d vLex Global (U.S. Academic Edition, excluding Law Schools)  |d vLex Global (Academic Edition, Law Schools) 
650 0 4 |a Personas (Derecho)  |z Espaą  
700 1 |a Garca̕ Alguacil, Mara̕ Jos,̌  |e coaut. 
700 1 |a Ferrer Vanrell, Mara̕ Pilar,  |e coord. 
740 0 |a vLex Libros (Servicio en ln̕ea) 
830 0 |a Cuadernos prc̀ticos Bolonia.  |p Persona  |v 3 
856 4 0 |u http://vlex.com/source/cuadernos-practicos-bolonia-persona-derechos-5735  |z Acceso restringido 
942 |c BOOK